แสดงรายละเอียดบรรณานุกรม
  กลับหน้าหลัก

Brief Record : Get Marc (ISO 2709) : E-mail record : QR code ปิดหน้าต่าง
E-books : เกี่ยวกับ Collections
LEADER 00000nama 2200000uu 4500
001    200121
003     ULIBM
008    040531s|||| th m m a000 0 tha d
020    974-610-656-5
041    tha
050    WS 105 ม246พ ล.2 2552.
100    มหาวิทยาลัยสุโขทัยธรรมาธิราช. สาขาวิชาคหกรรมศาสตร์.
245    เอกสารการสอนชุดวิชา พัฒนาการเด็กและการเลี้ยงดู = Child Care and Development หน่วยที่ 8 - 15 / มหาวิทยาลัยสุโขทัยธรรมาธิราช. สาขาวิชาคหกรรมศาสตร์.
250    29
260    นนทบุรี. สาขาวิชาคหกรรมศาสตร์. มหาวิทยาลัยสุโขทัยธรรมาธิราช. 2552.
300    956 หน้า.
500    เอกสารการสอนชุดวิชา 70301 หน่วยที่ 8 - 15
650    1.เด็ก - - จิตวิทยา 2.เด็ก - - การบริบาลและสุขภาพ.
995    001
รายการนี้ยังไม่มีแท็ก
คุณยังไม่ได้ล็อกอิน คุณสามารถมีกิจกรรมร่วมกับเว็บไซต์ได้ แต่ต้องล็อกอินก่อน ::
  ล็อกอิน
ลำดับที่ ประเภท เลขเรียก สถานที่ สถานะ
1. หนังสือทั่วไป
หนังสือทั่วไป
WS 105 ม246พ ล.2 2552.  
  
หนังสือทั่วไป On Shelf
  ขอยืม
   [แสดง 1/1 รายการ]

รายการใกล้เคียง
    ผู้แต่ง [มหาวิทยาลัยสุโขทัยธรรมาธิราช. สาขาวิชาคหกรรมศาสตร์.]

BibComment


ยังไม่เคยถูกคอมเมนท์

คอมเมนท์ทรัพยากรรายการนี้
  คอมเมนท์: เอกสารการสอนชุดวิ..
Bib 200121

 
 
 

 Union Library Management : ULibM
Copyright 2026. All Rights Reserved.
скачать бесплатно без регистрации порно красивый секс HD Sex Hindi sex

xxx gou

xxxx

bfxxx

xxxwww

Секса Видео

xxxx

Секса Видео

detube

geilexxx

C99 Shell

worms shell

blod xxx video
Ebony Coed Rihanna Rimes Takes A Dick In Her Young Twat priyaa indian fuck anal and pusssy hardcore indian women xxx desi hardcore fucking part 1 bengalixxxcouple